000 00522nam a2200133Ia 4500
008 160809s9999 xx 000 0 und d
100 _aValeo, Angela.
245 _aANALYSIS OF SPECIAL EDUCATION TRIBUNAL OUTCOMES USING LUHMANN'S SYSTEMS THEORY
245 _cAngela Valeo Kathryn Underwood Ryerson University.
260 _bInternational Journal of Special Education
260 _c2015
650 _xSPECIAL EDUCATION
856 _uhttp://www.internationaljournalofspecialed.com/issues/IJSE%20ENTIRE%20ISSUE%2030%201.pdf
999 _c300259
_d300259